Ceskoslovenske devizove predpisy (Record no. 2650)
[ view plain ]
| 000 -LEADER | |
|---|---|
| fixed length control field | 00434nam a22002057i 4500 |
| 001 - CONTROL NUMBER | |
| control field | 2676 |
| 003 - CONTROL NUMBER IDENTIFIER | |
| control field | OSt |
| 005 - DATE AND TIME OF LATEST TRANSACTION | |
| control field | 20170126082309.0 |
| 007 - PHYSICAL DESCRIPTION FIXED FIELD--GENERAL INFORMATION | |
| fixed length control field | tu |
| 008 - FIXED-LENGTH DATA ELEMENTS--GENERAL INFORMATION | |
| fixed length control field | 161220s1983 xxu||||| |||| 00| 0 d |
| 024 7# - OTHER STANDARD IDENTIFIER | |
| Standard number or code | 2675 |
| Source of number or code | RID |
| 040 ## - CATALOGING SOURCE | |
| Transcribing agency | OSt |
| 084 ## - OTHER CLASSIFICATION NUMBER | |
| Classification number | 3.26 |
| -- | 9.25 |
| Number source | z |
| 100 1# - MAIN ENTRY--PERSONAL NAME | |
| Personal name | Bakes, Milan |
| 245 00 - TITLE STATEMENT | |
| Title | Ceskoslovenske devizove predpisy |
| 260 ## - PUBLICATION, DISTRIBUTION, ETC. | |
| Date of publication, distribution, etc. | 1983 |
| 300 ## - PHYSICAL DESCRIPTION | |
| Dimensions | 21cm |
| 700 1# - ADDED ENTRY--PERSONAL NAME | |
| Personal name | Mojziskova, Sona |
| 700 1# - ADDED ENTRY--PERSONAL NAME | |
| Personal name | Malik, Antonin |
| 942 ## - ADDED ENTRY ELEMENTS (KOHA) | |
| Koha item type | Book |
| Withdrawn status | Lost status | Damaged status | Not for loan | Home library | Current library | Shelving location | Date acquired | Inventory number | Total Checkouts | Full call number | Barcode | Date last seen | Price effective from | Koha item type |
|---|---|---|---|---|---|---|---|---|---|---|---|---|---|---|
| WIIW | WIIW | Souterrain | 09/06/1995 | 2676 | I-4.896 | 302674 | 01/26/2017 | 01/26/2017 | Book |
